000 00806nam a2200229 i 4500
001 137588
003 ES-MaACL
005 20260525062933.0
007 t|
008 070214s1972 sp r ||||1| spa d
100 1 _aSalazar, Adolfo,
_d1890-1958
_9101798
245 1 3 _aLa música de España /
_cAdolfo Salazar.
260 _aMadrid :
_bEspasa-Calpe,
_c1972.
300 _a2 v. :
_bil. ;
_c18 cm.
490 1 _aColección Austral ;
_v1514-1515
505 8 _aContiene: I. Desde las cuevas prehistoricas hasta el siglo XVI. 205 p. -- II. Desde el siglo XVI a Manuel Falla. 166 p.
650 4 _aMúsica española-
_xHistoria.
_9136570
830 0 _aColección austral
_v1514-1515
_9177655
852 _aES-MaACL
_jC-52126-27
852 _aES-MaACL
_jA-10264
_z.- (Vol. 2º)
999 _c137588
_d137588